Reglas parlamentarias. (Record no. 14864)

000 -LEADER
fixed length control field 00546nam a2200181 a 4500
001 - CONTROL NUMBER
control field :::00012699$&:&@@
003 - CONTROL NUMBER IDENTIFIER
control field OkBaRHE
005 - DATE AND TIME OF LATEST TRANSACTION
control field 20000607103421.0
008 - FIXED-LENGTH DATA ELEMENTS--GENERAL INFORMATION
fixed length control field s1987 j 000 0 eng u
040 ## - CATALOGING SOURCE
Transcribing agency
100 1# - MAIN ENTRY--PERSONAL NAME
Personal name Kerfoot, H. F.
245 10 - TITLE STATEMENT
Title Reglas parlamentarias.
260 ## - PUBLICATION, DISTRIBUTION, ETC. (IMPRINT)
Place of publication, distribution, etc El Paso, TX., :
Name of publisher, distributor, etc Editorial Mundo Hispano
Date of publication, distribution, etc 1987
300 ## - PHYSICAL DESCRIPTION
Extent 85 p. : illus. ;
Dimensions 17 cm.
650 ## - SUBJECT ADDED ENTRY--TOPICAL TERM
Topical term or geographic name as entry element Parliamentary Practice
942 ## - ADDED ENTRY ELEMENTS (KOHA)
Source of classification or shelving scheme
Koha item type Books
Copies
Not for loan Damaged status Permanent Location Date last seen Source of classification or shelving scheme Date acquired Full call number Copy number Barcode Withdrawn status Koha item type Price effective from Lost status Shelving location
  RHEMA Bible Training College2010-04-14 2010-04-14JF 515 .K38112699 Books2010-04-14 General Stacks